000 00273nam a2200109Ia 4500
008 200302s9999 xx 000 0 und d
100 _aAnthony Sully
245 _aInterior Design - Theory And Process
260 _bA &C Black Publishers
260 _c2012
300 _a216 P.,
999 _c4284
_d4284